<?xml version="1.0" encoding="UTF-8"?>
<record
    xmlns:xsi="http://www.w3.org/2001/XMLSchema-instance"
    xsi:schemaLocation="http://www.loc.gov/MARC21/slim http://www.loc.gov/standards/marcxml/schema/MARC21slim.xsd"
    xmlns="http://www.loc.gov/MARC21/slim">

  <leader>01362nam a22002657a 4500</leader>
  <datafield tag="999" ind1=" " ind2=" ">
    <subfield code="c">69</subfield>
    <subfield code="d">69</subfield>
  </datafield>
  <controlfield tag="003">OSt</controlfield>
  <controlfield tag="005">20190325222547.0</controlfield>
  <controlfield tag="008">160120b        xxu||||| |||| 00| 0 esp d</controlfield>
  <datafield tag="040" ind1=" " ind2=" ">
    <subfield code="c">DO-SdBJH</subfield>
    <subfield code="a">DO-SdBJH</subfield>
    <subfield code="b">spa</subfield>
  </datafield>
  <datafield tag="090" ind1=" " ind2=" ">
    <subfield code="a">TG IEG</subfield>
    <subfield code="b">00081 2005</subfield>
  </datafield>
  <datafield tag="100" ind1="1" ind2=" ">
    <subfield code="a">Suriel Alvarez, Jos&#xE9; Ram&#xF3;n </subfield>
    <subfield code="e">sustentante</subfield>
  </datafield>
  <datafield tag="245" ind1="1" ind2="0">
    <subfield code="a">Una pol&#xED;tica de desarrollo econ&#xF3;mico sustentable como desaf&#xED;o geopol&#xED;tico para la Rep&#xFA;blica Dominicana 2003-2005 / </subfield>
    <subfield code="c">Jos&#xE9; Ram&#xF3;n Suriel Alvarez, Eleuterio Abad ; asesores Eduardo Klinger Pevida,  Eloy Korres</subfield>
  </datafield>
  <datafield tag="260" ind1=" " ind2=" ">
    <subfield code="a">Santo Domingo :</subfield>
    <subfield code="b">INSUDE,</subfield>
    <subfield code="c">2005</subfield>
  </datafield>
  <datafield tag="300" ind1=" " ind2=" ">
    <subfield code="a">96 p&#xE1;ginas</subfield>
  </datafield>
  <datafield tag="502" ind1=" " ind2=" ">
    <subfield code="a">Trabajo de grado (Geopol&#xED;tica del Caribe). -- Instituto de Estudios Geopol&#xED;ticos de las Fuerzas Armadas, 2005</subfield>
  </datafield>
  <datafield tag="504" ind1=" " ind2=" ">
    <subfield code="a">Incluye referencias bibliogr&#xE1;ficas e &#xED;ndices</subfield>
  </datafield>
  <datafield tag="505" ind1=" " ind2=" ">
    <subfield code="a">Ubicaci&#xF3;n geogr&#xE1;fica y geopol&#xED;tica de la Rep&#xFA;blica Dominicana. --  Desarrollo econ&#xF3;mico sustentable en Rep&#xFA;blica Dominicana. -- Propuestas estrat&#xE9;gicas para un desarrollo sustentable en la Rep. Dom. 
</subfield>
  </datafield>
  <datafield tag="650" ind1=" " ind2="4">
    <subfield code="a">Geopolitica-Rep&#xFA;blica Dominicana </subfield>
  </datafield>
  <datafield tag="650" ind1=" " ind2="4">
    <subfield code="a">Pol&#xED;tica y gobierno-Rep&#xFA;blica Dominicana</subfield>
  </datafield>
  <datafield tag="700" ind1="1" ind2=" ">
    <subfield code="e">sustentante</subfield>
    <subfield code="a">Abad, Eleuterio </subfield>
  </datafield>
  <datafield tag="700" ind1=" " ind2=" ">
    <subfield code="e">asesor</subfield>
    <subfield code="a">Klinger Pevida, Eduardo</subfield>
  </datafield>
  <datafield tag="700" ind1=" " ind2=" ">
    <subfield code="a">Korres, Eloy</subfield>
    <subfield code="e">asesor</subfield>
  </datafield>
  <datafield tag="830" ind1=" " ind2=" ">
    <subfield code="a">INSUDE. Instituto de Estudios Geopoliticos. Tesis y disertaciones acad&#xE9;micas</subfield>
  </datafield>
  <datafield tag="942" ind1=" " ind2=" ">
    <subfield code="2">CL</subfield>
    <subfield code="c">T</subfield>
  </datafield>
  <datafield tag="952" ind1=" " ind2=" ">
    <subfield code="0">0</subfield>
    <subfield code="1">0</subfield>
    <subfield code="2">CL</subfield>
    <subfield code="4">0</subfield>
    <subfield code="7">1</subfield>
    <subfield code="8">TG</subfield>
    <subfield code="a">BJHA</subfield>
    <subfield code="b">BJHA</subfield>
    <subfield code="d">2016-01-20</subfield>
    <subfield code="i">05-00081</subfield>
    <subfield code="l">0</subfield>
    <subfield code="o">TG IEG 00081 2005</subfield>
    <subfield code="p">05-00081</subfield>
    <subfield code="r">2018-10-06 00:00:00</subfield>
    <subfield code="t">e.1</subfield>
    <subfield code="w">2016-01-20</subfield>
    <subfield code="y">T</subfield>
  </datafield>
  <datafield tag="952" ind1=" " ind2=" ">
    <subfield code="0">0</subfield>
    <subfield code="1">0</subfield>
    <subfield code="2">CL</subfield>
    <subfield code="4">0</subfield>
    <subfield code="7">1</subfield>
    <subfield code="8">TG</subfield>
    <subfield code="a">BJHA</subfield>
    <subfield code="b">BJHA</subfield>
    <subfield code="d">2016-01-20</subfield>
    <subfield code="i">05-00083</subfield>
    <subfield code="l">0</subfield>
    <subfield code="o">TG IEG 00081 2005</subfield>
    <subfield code="p">05-00083</subfield>
    <subfield code="r">2018-10-06 00:00:00</subfield>
    <subfield code="t">e.2</subfield>
    <subfield code="w">2016-01-20</subfield>
    <subfield code="y">T</subfield>
  </datafield>
  <datafield tag="952" ind1=" " ind2=" ">
    <subfield code="0">0</subfield>
    <subfield code="1">0</subfield>
    <subfield code="2">CL</subfield>
    <subfield code="4">0</subfield>
    <subfield code="7">1</subfield>
    <subfield code="8">TG</subfield>
    <subfield code="a">BJHA</subfield>
    <subfield code="b">BJHA</subfield>
    <subfield code="d">2016-01-20</subfield>
    <subfield code="i">05-00084</subfield>
    <subfield code="l">0</subfield>
    <subfield code="o">TG IEG 00081 2005</subfield>
    <subfield code="p">05-00084</subfield>
    <subfield code="r">2018-10-06 00:00:00</subfield>
    <subfield code="t">e.3</subfield>
    <subfield code="w">2016-01-20</subfield>
    <subfield code="y">T</subfield>
  </datafield>
</record>
